<?xml version="1.0" encoding="UTF-8"?>
<collection xmlns:xsi="http://www.w3.org/2001/XMLSchema-instance" xsi:schemaLocation="http://www.loc.gov/MARC21/slim http://www.loc.gov/standards/marcxml/schema/MARC21slim.xsd" xmlns="http://www.loc.gov/MARC21/slim">
 <record>
  <leader>00000cam a22000004a 4500</leader>
  <controlfield tag="001">UP-99796217610426555</controlfield>
  <controlfield tag="003">Buklod</controlfield>
  <controlfield tag="005">20230811102007.0</controlfield>
  <controlfield tag="006">g||| g      q   v|</controlfield>
  <controlfield tag="007">ta</controlfield>
  <controlfield tag="008">071217m20079999xx ab   rb   |001 0|eng d</controlfield>
  <datafield tag="020" ind1=" " ind2=" ">
   <subfield code="a">9789712719325</subfield>
  </datafield>
  <datafield tag="035" ind1=" " ind2=" ">
   <subfield code="a">(iLib)UPD-00188202484</subfield>
  </datafield>
  <datafield tag="040" ind1=" " ind2=" ">
   <subfield code="a">DML</subfield>
  </datafield>
  <datafield tag="041" ind1="0" ind2=" ">
   <subfield code="a">eng</subfield>
  </datafield>
  <datafield tag="042" ind1=" " ind2=" ">
   <subfield code="a">DMLUC</subfield>
  </datafield>
  <datafield tag="090" ind1=" " ind2=" ">
   <subfield code="a">HD 70 P6</subfield>
   <subfield code="b">B58 2007</subfield>
  </datafield>
  <datafield tag="245" ind1="0" ind2="0">
   <subfield code="a">Blue way</subfield>
   <subfield code="b">case studies on leadership, strategy, and ethics</subfield>
   <subfield code="c">edited by Joseph I.B. Gonzales, and Jonathan Chua.</subfield>
  </datafield>
  <datafield tag="246" ind1="3" ind2=" ">
   <subfield code="a">Blue way : Ateneo Graduate School of Business</subfield>
  </datafield>
  <datafield tag="264" ind1=" " ind2="1">
   <subfield code="a">Pasig City</subfield>
   <subfield code="a">Makati City</subfield>
   <subfield code="b">Published and exclusively distributed by Anvil Pub.</subfield>
   <subfield code="b">Ateneo de Manila University, Graduate School of Business</subfield>
   <subfield code="c">c2007.</subfield>
  </datafield>
  <datafield tag="300" ind1=" " ind2=" ">
   <subfield code="a">xii, 357 p.</subfield>
   <subfield code="b">ill., maps</subfield>
  </datafield>
  <datafield tag="500" ind1=" " ind2=" ">
   <subfield code="a">&quot;Our country is our business!&quot;--T.p.</subfield>
  </datafield>
  <datafield tag="505" ind1="0" ind2=" ">
   <subfield code="a">Municipality of Kawayan, Biliran: transforming traditional politics / Luisito G. Montalbo -- The Medical City: leading change in a changing organization / Joseph I.B. Gonzales -- GMA Network, Incorporated: winning the network wars / Rosauro V. Sibal, Genevieve Gandia-De Guia -- Cebu City: reinventing city hall / Hilda Rita L. Teodoro -- Banco de Oro: building competetive advantage through IT governance / Lydia C. King -- Metro Stonerich Corporation: managing a growing business / Eliseo A. Aurellado -- Red Crowne Philippines, Inc.: devising a startup strategy / Daniel W. Barrenechea, Francisco M. Roa -- Tristar Feeds, Inc.: staying alive in turbulent times / Enrico C. Mina -- Sugar Regulatory Administration: structuring better decision making through an automated decision support system / Gary A. Grey -- Hidalgo Restaurant, Inc.: confronting inefficiencies in supply chain management / Arturo C. Zamora, T. Shane Male -- Bangko Sentral ng Pilipinas: regulating forex speculation / Lydia C. King, Betty Makani-Lim -- Good Samaritan Community Hospital, Inc.: eresolving an ethical dilemma / Enrico C. Mina -- Marcopper Mining Corporation: dealing with corporate social responsibility / Ralph A. Ante, Oscar Bulaong Jr. -- Venus Marketing Corporation: rationalizing downsizing / Anna Asuncion P. Angeles.</subfield>
  </datafield>
  <datafield tag="591" ind1=" " ind2=" ">
   <subfield code="a">CSSP-8508f donated by Rhoel E. Rondilla, MLS 2003.</subfield>
  </datafield>
  <datafield tag="650" ind1=" " ind2="0">
   <subfield code="a">Management</subfield>
   <subfield code="z">Philippines</subfield>
   <subfield code="v">Case studies.</subfield>
  </datafield>
  <datafield tag="650" ind1=" " ind2="0">
   <subfield code="a">Business ethics</subfield>
   <subfield code="z">Philippines</subfield>
   <subfield code="v">Case studies.</subfield>
  </datafield>
  <datafield tag="650" ind1=" " ind2="0">
   <subfield code="a">Social responsibility of business</subfield>
   <subfield code="z">Philippines</subfield>
   <subfield code="v">Case studies.</subfield>
  </datafield>
  <datafield tag="650" ind1=" " ind2="0">
   <subfield code="a">Leadership</subfield>
   <subfield code="x">Moral and ethical aspects</subfield>
   <subfield code="z">Philippines</subfield>
   <subfield code="v">Case studies.</subfield>
  </datafield>
  <datafield tag="700" ind1="1" ind2=" ">
   <subfield code="a">Gonzales, Joseph Ignatius B.</subfield>
   <subfield code="q">(Joseph Ignatius Bengzon).</subfield>
  </datafield>
  <datafield tag="700" ind1="1" ind2=" ">
   <subfield code="a">Chua, Jonathan.</subfield>
  </datafield>
  <datafield tag="710" ind1="2" ind2=" ">
   <subfield code="a">Ateneo de Manila University.</subfield>
   <subfield code="b">Graduate School of Business.</subfield>
  </datafield>
  <datafield tag="842" ind1=" " ind2=" ">
   <subfield code="a">Book</subfield>
  </datafield>
  <datafield tag="905" ind1=" " ind2=" ">
   <subfield code="a">FI</subfield>
  </datafield>
  <datafield tag="950" ind1=" " ind2=" ">
   <subfield code="a">Monograph</subfield>
  </datafield>
  <datafield tag="852" ind1="0" ind2=" ">
   <subfield code="a">UPD</subfield>
   <subfield code="b">DMLF</subfield>
   <subfield code="h">HD 70 P6</subfield>
   <subfield code="i">B58 2007     IN STACKS</subfield>
  </datafield>
  <datafield tag="852" ind1="0" ind2=" ">
   <subfield code="a">UPD</subfield>
   <subfield code="b">DMLF</subfield>
   <subfield code="h">HD 70 P6</subfield>
   <subfield code="i">B58 2007</subfield>
  </datafield>
  <datafield tag="852" ind1="0" ind2=" ">
   <subfield code="a">UPD</subfield>
   <subfield code="b">DMLS</subfield>
   <subfield code="h">HD 70 P6</subfield>
   <subfield code="i">B58 2007</subfield>
  </datafield>
  <datafield tag="942" ind1=" " ind2=" ">
   <subfield code="a">Book</subfield>
  </datafield>
 </record>
</collection>
